| 000 | 00547nam a2200229Ia 4500 | ||
|---|---|---|---|
| 003 | OSt | ||
| 005 | 20221007082542.0 | ||
| 006 | a|||||r|||| 00| 0 | ||
| 007 | ta | ||
| 008 | 221006b |||||||| |||| 00| 0 eng d | ||
| 024 | _a21,051 | ||
| 037 | _cTextual | ||
| 040 |
_aFLL _cFLL _beng |
||
| 041 |
_2eng _aeng |
||
| 082 | _aZ3,2673, M7 | ||
| 100 |
_aCornish W.R. _9686720 |
||
| 245 | 0 | _aIntellectual property | |
| 250 | _a2nd | ||
| 260 | _c1987 | ||
| 942 |
_hZ3,2673, M7 _cTEXL _2CC |
||
| 999 |
_c1166825 _d1166825 |
||